| 000 | 00463pab a2200157 454500 | ||
|---|---|---|---|
| 008 | 180718b1998-99 xxu||||| |||| 00| 0 eng d | ||
| 100 | _aBrahmananda, P.R. | ||
| 245 | _a20th century developments in the international economy | ||
| 260 | _c1998-99 | ||
| 300 | _ap.129-41 | ||
| 362 | _aJan-Mar | ||
| 650 | _aInternational economic relations - 20th century | ||
| 650 | _aInternational economic relations | ||
| 773 | _aIndian Economic Journal | ||
| 909 | _a40619 | ||
| 999 |
_c40619 _d40619 |
||